| 000 | 00000nam##2200000za#4500 |
| 001 | 9.577515 |
| 003 | CaOODSP |
| 005 | 20210624185640 |
| 007 | cr ||||||||||| |
| 008 | 150406|1980||||xxc|||||o f|0| 0 eng|d |
| 022 | |a1488-5379 |
| 040 | |aCaOODSP|beng |
| 043 | |an-cn--- |
| 086 | 1 |aFs97-6/944E-PDF |
| 110 | 1 |aCanada. |bDepartment of Fisheries and Oceans. |
| 245 | 10|aCauses of the decrease in age and size of Chinook salmon (Oncorhynchus tshawytscha) / |h[electronic resource]|cby W.E. Ricker. |
| 260 | |aNanaimo - British Columbia : |bFisheries and Oceans Canada |c1980. |
| 300 | |a30p.|breferences, tables |
| 490 | 1 |aCanadian technical report of fisheries and aquatic sciences|x1488-5379|vNo. 944 |
| 500 | |aOn t.p.: Pacific Biological Station, Nanaimo, British Columbia. The catalogue number and ISSN for the print edition appear in the PDF version. |
| 546 | |a(Résumé en français) |
| 590 | |a13-23-Supp|b2013-10-08 |
| 720 | 1 |aRicker, W. E. |
| 830 | #0|aCanadian technical report of fisheries and aquatic sciences,|x1488-5379|vNo. 944|w(CaOODSP)9.504449 |
| 856 | 40|ahttp://publications.gc.ca|qPDF|s1222 KB|uhttps://publications.gc.ca/collections/collection_2013/mpo-dfo/Fs97-6-944-eng.pdf|yNo. 944 |